000 00653nam a2200241Ia 4500
003 OSt
005 20220924114946.0
006 a|||||r|||| 00| 0
007 ta
008 220923b |||||||| |||| 00| 0 ben d
020 _a8170798493 (hbk)
024 _a301251
037 _cTextual
040 _aARTS
_cARTS
_bben
041 _2ben
_aben
082 _aY49(J451):1.262, 157N6
100 _aRoy Debes
_9176243
245 0 _aSilpayaner pratibedan
260 _aCalcutta
_bDey's Publishing India
_c1996
650 _aSOCIOLOGY
942 _hY49(J451):1.262, 157N6
_cTEXL
_2CC
999 _c396165
_d396165